Online
Catalog

De la mar y la marina / (Record no. 11694)

MARC details
000 -CABECERA
campo de control de longitud fija 00868cam a2200253 a 4500
001 - NÚMERO DE CONTROL
campo de control 000012026
005 - FECHA Y HORA DE LA ÚLTIMA TRANSACCIÓN
campo de control 20200929162649.0
008 - DATOS DE LONGITUD FIJA--INFORMACIÓN GENERAL
campo de control de longitud fija 800204s1976 sp 001 0 spa
015 ## - NÚMERO DE BIBLIOGRAFÍA NACIONAL
Número de bibliografía nacional Sp77-Oct
020 ## - NÚMERO INTERNACIONAL ESTÁNDAR DEL LIBRO
Número Internacional Estándar del Libro 8432503258
040 ## - FUENTE DE LA CATALOGACIÓN
Centro catalogador/agencia de origen DO-SdBNP
Lengua de catalogación spa
Centro/agencia transcriptor DLC
Centro/agencia modificador BNPHU
082 ## - NÚMERO DE LA CLASIFICACIÓN DECIMAL DEWEY
Número de clasificación 398.161
Número de documento/Ítem P189d
049 ## - FONDOS LOCALES (OCLC)
Fondos de biblioteca BNGR
100 1# - ENTRADA PRINCIPAL--NOMBRE DE PERSONA
Nombre de persona Pando, José Luis
Forma completa/desarrollada del nombre (José Luis Pando de Villarroya)
9 (RLIN) 28440
245 10 - MENCIÓN DE TÍTULO
Título De la mar y la marina /
Mención de responsabilidad, etc. José Luis Pando ; prólogo, Andrés Senac Lisson.
260 ## - PUBLICACIÓN, DISTRIBUCIÓN, ETC.
Lugar de publicación, distribución, etc. Madrid, (España) :
Nombre del editor, distribuidor, etc. Doncel,
Fecha de publicación, distribución, etc. 1976.
300 ## - DESCRIPCIÓN FÍSICA
Extensión 297 p. ;
Dimensiones 18 cm.
490 1# - MENCIÓN DE SERIE
Mención de serie El Libro de bolsillo Doncel
Designación de volumen o secuencia 98
650 #4 - PUNTO DE ACCESO ADICIONAL DE MATERIA--TÉRMINO DE MATERIA
Término de materia o nombre geográfico como elemento de entrada Oceano
Subdivisión general Citas, máximas, etc.
9 (RLIN) 28441
650 #4 - PUNTO DE ACCESO ADICIONAL DE MATERIA--TÉRMINO DE MATERIA
Término de materia o nombre geográfico como elemento de entrada Marineros
Subdivisión general Citas, máximas, etc.
9 (RLIN) 28442
700 1# - PUNTO DE ACCESO ADICIONAL--NOMBRE DE PERSONA
Nombre de persona Senac Lisson, Andrés
Término indicativo de función/relación pról.
9 (RLIN) 28443
830 #0 - PUNTO DE ACCESO ADICIONAL DE SERIE-TÍTULO UNIFORME
Título uniforme El Libro de bolsillo Doncel ;
Designación de volumen o secuencia 98
9 (RLIN) 8628
910 ## - DATOS DE OPCIÓN DEL USUARIO (OCLC)
Datos de opción del usuario Catalogación por copia / LC
Holdings
Estado de retiro Estado de pérdida Restricciones de uso No para préstamo Código de colección Localización permanente Ubicación/localización actual Ubicación en estantería Fecha de adquisición Número de inventario Total de préstamos Signatura topográfica completa Código de barras Fecha visto por última vez Precio válido a partir de Tipo de ítem Koha Número de copia
        Monografías: Libros y Folletos General General En catalogación 03.11.2009 LF1   398.161 P189d 12026-10 25.06.2020 25.06.2020 Préstamo en sala  
    Préstamo restringido Préstamo restrigido Monografías: Libros y Folletos General General En catalogación 03.11.2009 LF1   398.161 P189d 12026-20 25.06.2020 25.06.2020 Préstamo interno e.2
    Préstamo interno   Monografías: Libros y Folletos General General En catalogación 03.11.2009 LF1   398.161 P189d 12026-30 25.06.2020 25.06.2020 Préstamo interno e.3

Powered by Koha